Core 30 airports - Statistics

General Stats
  • This quiz has been taken 10 times
  • The average score is 16 of 30
Answer Stats
Airport % Correct
JFK
88%
ATL
75%
LAX
75%
MIA
75%
SEA
75%
BOS
63%
LGA
63%
ORD
63%
PHX
63%
SAN
63%
SFO
63%
BWI
50%
DCA
50%
DEN
50%
DFW
50%
DTW
50%
EWR
50%
IAD
50%
LAS
50%
MDW
50%
CLT
38%
MCO
38%
FLL
38%
IAH
38%
MSP
38%
PHL
38%
SLC
38%
HNL
25%
MEM
25%
TPA
25%
No matching quizzes found
Score Distribution
Percent of People with Each Score
Percentile by Number Answered
Your Score History
You have not taken this quiz